LEADER 01061nam0-22003611i-450- 001 990003865730403321 005 20160504133241.0 010 $a88-453-0928-2 035 $a000386573 035 $aFED01000386573 035 $a(Aleph)000386573FED01 035 $a000386573 100 $a20030910d1999----km-y0itay50------ba 101 0 $aita 102 $aIT 200 1 $a<>futuro che è già qui$ela professione del dirigente nella società postcapitalista$fPeter F. Drucker. 210 $aMilano$cEtas$d1999. 215 $axiii, 191 p.$d22 cm 300 $a[Trad. di: Peter Drucker on the Profession of Management] 610 0 $aDirigenti 610 0 $aOrganizzazione industriale 676 $a12520 676 $a18530 700 1$aDrucker,$bPeter Ferdinand$f<1909-2005>$0125730 801 0$aIT$bUNINA$gRICA$2UNIMARC 901 $aBK 912 $a990003865730403321 952 $a18530 DRU/99$b19062$fSES 952 $a658.4 DRU 1$fBFS$b7857 959 $aSES 959 $aBFS 996 $aFuturo che è già qui$9507768 997 $aUNINA LEADER 02093oas 22009135a 450 001 9910869190503321 005 20251105213014.0 011 $a1755-7518 024 7 $a98200285 035 $a(DE-599)ZDB2494385-X 035 $a(OCoLC)369172044 035 $a(CONSER) 2017205817 035 $a(CKB)1000000000694356 035 $a(EXLCZ)991000000000694356 100 $a20090603a20099999 uy a 101 0 $aeng 135 $aurmnu|||||||| 181 $ctxt$2rdacontent 182 $cc$2rdamedia 183 $acr$2rdacarrier 200 00$aJournal of historical research in marketing 210 $aBingley, U.K. $cEmerald Group Pub 311 08$a1755-750X 606 $aMarketing$vPeriodicals 606 $aMarketing$vPe?riodiques 606 $aPublications pe?riodiques$2eclas 606 $aMarketing$2eclas 606 $aHistoire$2eclas 606 $aMarketing$2fast 608 $aPeriodicals$2fast 615 0$aMarketing 615 6$aMarketing 615 7$aPublications pe?riodiques. 615 7$aMarketing. 615 7$aHistoire. 615 7$aMarketing 676 $a658.8005 686 $a3,2$2ssgn 686 $a630$2zdbs 686 $aBIZ-07001$2skw 686 $awiw$2olc-ssg 801 0$bGAT 801 1$bGAT 801 2$bHEBIS 801 2$bOCLCQ 801 2$bUX0 801 2$bOCLCQ 801 2$bUKMGB 801 2$bOCLCQ 801 2$bOCLCF 801 2$bBEDGE 801 2$bOCLCO 801 2$bOCLCQ 801 2$bUAB 801 2$bDLC 801 2$bZAC 801 2$bSTF 801 2$bOCLCQ 801 2$bAUD 801 2$bOCLCQ 801 2$bAU@ 801 2$bYOU 801 2$bRDF 801 2$bOCLCQ 801 2$bUKSSU 801 2$bOCLCQ 801 2$bOCLCO 801 2$bOCLCQ 801 2$bOCLCO 801 2$bOCLCQ 801 2$bOCLCL 801 2$bCNCGM 801 2$bNLE 801 2$bCNMTR 801 2$bOCLCQ 906 $aJOURNAL 912 $a9910869190503321 996 $aJournal of historical research in marketing$92330923 997 $aUNINA